000 00474nam a2200181Ia 4500
008 151018s9999 xx 000 0 und d
082 _bRBASDV43898
_a891.463
100 _aरणजीत देसाई
245 _aबारी
250 _b3
260 _bक्ष
_c2004
300 _a180
600 _aरणजीत देसाई
630 _aबारी
700 _aरणजीत देसाई
730 _aबारी
942 _cBOOK
999 _c1043100
_d1043097